| 000 | 00895nam a2200289Ia 4500 | ||
|---|---|---|---|
| 001 | Z_5270 | ||
| 003 | CHAP | ||
| 008 | 220113s2005 xx 000 0 und d | ||
| 010 | _a168334 | ||
| 040 | _cCHAP | ||
| 090 | _aTesis H 1873 | ||
| 100 |
_aHernández Ortega, Martha _954423 |
||
| 245 |
_aProducción de forraje y eficiencia de utilización mediante pastoreo de sorgo, zacate sudán y Maíz / _cpor Martha Hernández Ortega |
||
| 260 |
_aChapingo, Méx. : _bEl autor, _c2005 |
||
| 300 | _a48 h. | ||
| 502 | _aTesis (Maestro en Ciencias Especialista en Producción Animal) -- UACH. Departamento de Zootecnia | ||
| 650 |
_aForrajes _xRendimiento _942593 |
||
| 650 |
_aMaíz como forraje _971109 |
||
| 650 |
_aPastoreo _985984 |
||
| 650 |
_aSorgo como forraje _9108743 |
||
| 901 | _aTESIS H 1873 | ||
| 902 | _aM | ||
| 910 | _a2005 | ||
| 942 | _c2 | ||
| 942 | _c2 | ||
| 999 |
_c168334 _d168334 |
||